00606nam a2200193Ia 4500008004100000020001300041082001200054100002000066245002200086250000700108260004500115300002900160500001900189600003300208650003400241942000700275952011500282999001500397240925s9999 xx 000 0 und d a23544813 a540 HIL aHill ,John W. 0aGeneral Chemistry aNA aNew Jersey:bPrintice- Hall Int.c,1996. axxv,756p.bNAfPhotocopy aIncludes Index aHumanities & Natural Science aChemistry and allied sciences cBK 001040708HUMaUITUbUITUd2005-11-24eF.B.Cg278.20l0o540 HILpQ6511r2024-09-25 07:14:16w2024-09-25yBK c9010d9010